| 000 | 00936nam a2200265Ia 4500 | ||
|---|---|---|---|
| 001 | Para_8187 | ||
| 003 | CHAP | ||
| 008 | 220125s9999 xx 000 0 und d | ||
| 010 | _a207111 | ||
| 040 | _cCHAP | ||
| 082 | _aPA-C 595.752 A6 | ||
| 100 |
_aGuercio, G. Del _9173564 |
||
| 245 |
_aContribuzione alla conoscenza del lacnidi italiani : _b morfología, sistematica biologia generale e loro importanza economica / _c by G. del Guercio |
||
| 300 | _a288 p. | ||
| 440 |
_aAphidae; 4 _9173582 |
||
| 500 | _aSobretiro de: Redia, giornale dientomologia 5: 173-361, 1909. Encuadernado con otros impresos similares | ||
| 650 |
_a _x Afididos _x Colecciones de escritos _x Afididos _x Identificación _x Entomología sistemática _9173584 |
||
| 901 | _aPA-C 595.752 A6 | ||
| 902 | _aA | ||
| 905 | _a000000 f 0000000000 00 | ||
| 910 | _a | ||
| 942 | _cPARA | ||
| 942 |
_cPARA _d1 |
||
| 999 |
_c207111 _d207111 |
||